Štrbské pleso Vysoké Tatry : západná časť Vysokých Tatier : Hotel Panoráma : Sanatórium Hélios : Areál snov-sedačkový výťah ku skokanským mostíkom

Bibliographic Details
Other Authors: Paul, P. (fotograf) (Photographer), Hynek, B. (Photographer), Staněk, O. (Photographer), Bero, Rastislav, 1935- (Photographer), Bendžela, M. (410)
Format: Image
Language:Slovak
PhysicalDescription:1 pohľadnica (4 čiast. pohľady) 11x15 cm
Published: Bratislava Press-foto 1979
Subjects:

MARC

LEADER 00000nkm a2200000 a 4500
001 vtls001399010
003 SK-MaSNL
005 20260301222713.0
008 231206s1979 xo 0k slo
035 |a SNK000353463 
040 |a SNK  |b slo  |c SNK  |e AACR2 
041 0 |a slo 
044 |a xo  |c SK 
080 |a 908.234.4  |2 1981 
245 1 |a Štrbské pleso  |h grafika  |b Vysoké Tatry : západná časť Vysokých Tatier : Hotel Panoráma : Sanatórium Hélios : Areál snov-sedačkový výťah ku skokanským mostíkom  |c foto: P. Paul, N. Hyněk, O. Staněk, R. Bero ; výtvarný návrh: M. Bendžela 
260 |a Bratislava  |b Press-foto  |c 1979 
300 |a 1 pohľadnica (4 čiast. pohľady)  |c 11x15 cm 
500 |a Súbež. názov rus., nem. a angl. 
651 7 |a Vysoké Tatry (Poľsko a Slovensko : pohorie)  |2 SNK  |9 67729 
651 7 |a Štrbské pleso (Vysoké Tatry, Slovensko)  |2 SNK  |9 174793 
655 7 |a geografické pohľadnice  |2 SNK  |9 70522 
700 1 |a Paul, P.  |c (fotograf)  |4 pht  |9 60489 
700 1 |a Hynek, B.  |4 pht  |9 612698 
700 1 |a Staněk, O.  |4 pht  |9 296191 
700 1 |a Bero, Rastislav,  |d 1935-  |4 pht  |9 151372 
700 1 |a Bendžela, M.  |4 410  |9 612699 
958 |a GC 
958 |a GBN 
958 |a TL 
958 |a OND 
999 |c 940756  |d 942686 
952 |t P60, <03>, [BOOK], {603}  |a SNK  |b SNK  |y PREZ  |7 0  |o snkSP 150105  |i snkPV 1504/2000  |0 0  |1 0  |4 0  |d 2000-10-26  |l 0  |r 2005-01-02 00:00:00  |w 2026-02-24